MARC

LEADER 00000n m0a2200000 4500
001 98724
005 20231031111415.0
035 |a (RuTPU)RU\TPU\book\105837 
090 |a 98724 
100 |a 20060621d1964 m y0rusy50 ca 
101 0 |a rus 
102 |a RU 
105 |a a z 001zy 
200 1 |a Дождевая канализация площадок промышленных предприятий  |f М. В. Молоков 
210 |a Ленинград-Москва  |c Стройиздат  |d 1964 
215 |a 184 с.  |c ил. 
320 |a Библиогр.: с. 181-182. 
610 1 |a канализационные сети 
610 1 |a канализация 
610 1 |a промышленные площадки 
610 1 |a дождевые воды 
610 1 |a стоки 
610 1 |a проектирование 
610 1 |a конструкции 
675 |a 628.2  |v 3 
700 1 |a Молоков  |b М. В.  |g Михаил Владимирович 
801 1 |a RU  |b 63413507  |c 20060621  |g PSBO 
801 2 |a RU  |b 63413507  |c 20070117  |g PSBO 
942 |c BK